• 首页
  • 本馆介绍
  • 公告通知
  • 最新文献
  • 馆藏检索
  • 电子资源
  • 读者导购
  • 参考咨询
  • 我的图书馆
  • 登录
  • 详细信息显示
  • 放入我的书架
  • 预约/预借图书
  • 作者相关作品
  • 分类相关作品
  • 丛书相关作品
  • 出版社相关作品

书目信息

  • 表格格式
  • 工作单格式
  • 卡片格式
题名:
网络法律评论
    
 
作者: 张平 , 黄绅嘉 主编
分册: 第14卷  
出版信息: 北京   北京大学出版社  2012.06
页数: 291页
开本: 23cm
丛书名:
单 册:
中图分类: D922.174
科图分类:
主题词: 计算机网络--科学技术管理法规--中国--文集 , 计算机网络 , 科学技术管理法规
电子资源:
ISBN: 978-7-301-20735-2
000 01140nam0 2200313 450
001 010020003909
005 20130609081858.62
010    @a978-7-301-20735-2@dCNY39.00
035    @a005893858
100    @a20120717d2012 em y0chiy0110 ea
101 0  @achi@eeng
102    @aCN@b110000
105    @ay z 000yy
106    @ar
200 1  @a网络法律评论@9wang luo fa lv ping lun@h第14卷@dInternet law review@hVolume 14@f张平,黄绅嘉主编@zeng
210    @a北京@c北京大学出版社@d2012.06
215    @a291页@d23cm
300    @a北京大学知识产权学院、北京大学互联网法律中心主办
300    @a《互联网法律通讯》2008-2010年特刊
330    @a本书分为:主题研讨、学术BBS、书评三大板块。收录的文章有《网络用户个人数据权利的性质探析》、《竞价广告中搜索引擎的商标侵权问题》、《虚拟货币的法律监管》等。
510 1  @aInternet law review@hVolume 14@zeng
606 0  @a计算机网络@x科学技术管理法规@y中国@j文集
606 0  @a计算机网络
606 0  @a科学技术管理法规
690    @aD922.174@v5
701  0 @a张平@9zhang ping@c(知识产权)@4主编
701  0 @a黄绅嘉@9huang shen jia@4主编
801  0 @aCN@bNLC@c20120925
905    @dD922.174@e1024
    
    网络法律评论.第14卷=Internet law review.Volume 14/张平,黄绅嘉主编.-北京:北京大学出版社,2012.06
    291页;23cm
    北京大学知识产权学院、北京大学互联网法律中心主办.-《互联网法律通讯》2008-2010年特刊
    
    ISBN 978-7-301-20735-2:CNY39.00
    本书分为:主题研讨、学术BBS、书评三大板块。收录的文章有《网络用户个人数据权利的性质探析》、《竞价广告中搜索引擎的商标侵权问题》、《虚拟货币的法律监管》等。
●
相关链接 在E读中查询图书 在五车中查询图书 在当当中查询图书 在豆瓣中查询图书


正题名:网络法律评论     索取号:D922.174/1024         预约/预借

序号 登录号 条形码 馆藏地/架位号 状态 备注
1 0545066   205450661   第一样本阅览室/ [索取号:D922.174/1024] 在馆    
2 0545067   205450670   第一借阅区/ [索取号:D922.174/1024] 在馆    
3 0545068   205450689   第一借阅区/ [索取号:D922.174/1024] 在馆    
4 0545069   205450698   第一借阅区/ [索取号:D922.174/1024] 在馆    
5 0545070   205450705   第一借阅区/ [索取号:D922.174/1024] 在馆    
唐山师范学院图书馆 欢迎您!
大连网信软件有限公司© 版权所有